|
|
|
|
| LEADER |
01380nam a22003137a 4500 |
| 001 |
36008 |
| 003 |
BD-DhAAL |
| 005 |
20211129154636.0 |
| 008 |
190922r20081998it ac b 000 0 eng d |
| 999 |
|
|
|c 41347
|d 41347
|
| 020 |
|
|
|a 9788887960174
|
| 020 |
|
|
|a 8887960178 (cased)
|
| 020 |
|
|
|a 8887960119 (pbk.)
|
| 040 |
|
|
|a BD-DhAAL
|
| 082 |
|
|
|a 372.21094543
|2 22
|
| 245 |
|
|
|a Children, spaces, relations :
|b metaproject for an environment for young children /
|c edited by Giulio Ceppi and Michele Zini ; translation, Leslie Morrow
|
| 260 |
|
|
|a Reggio Emilia, Italy :
|b Reggio Children,
|c c1998 [seventh printing 2008]
|
| 300 |
|
|
|a 158 pages :
|b illustrations (some colors), ports (some colors) ;
|c 28 cm.
|
| 526 |
|
|
|a BIED
|
| 541 |
|
|
|a Complimentary copy from BIED
|e 36008
|
| 650 |
|
|
|a Early childhood education
|z Italy
|z Reggio Emilia.
|9 35040
|
| 650 |
|
|
|a Education, Preschool
|z United States.
|9 35041
|
| 700 |
|
|
|a Ceppi, Giulio.
|9 35042
|
| 700 |
|
|
|a Zini, Michele.
|9 35043
|
| 710 |
|
|
|a Reggio Children.
|9 35044
|
| 710 |
|
|
|a Domus Academy (Milan, Italy).
|b Research Center.
|9 35045
|
| 852 |
|
|
|a Ayesha Abed Library
|c BIED Collection
|
| 942 |
|
|
|2 ddc
|c BK
|
| 952 |
|
|
|0 0
|1 0
|2 ddc
|4 0
|6 372_210945430000000_CHI
|7 0
|9 66449
|a BRACUL
|b BRACUL
|c GEN
|d 2019-09-22
|e Complimentary copy from BIED
|l 0
|o 372.21094543 CHI
|p 3010036008
|r 2019-09-22
|t 1
|w 2019-09-22
|y BK
|x Transferred from BIED to General Stacks
|